000
00231nam a2200085Ia 4500
245
0
_a
Understanding social security law
100
_a
Olivier, M P. Cape Town, 2009
942
_c
BK
008
210817s9999 xx 000 0 und d
999
_c
267053
_d
267052